Aspekty politickej podpory inovácií v sektore služieb EÚ a SR

Trhové a systémové zlyhania ako bariéry inovácií v sektore služieb. Doterajší vývoj európskej nadnárodnej inovačnej politiky pre sektor služieb. Politika podpory inovačných aktivít v sektore služieb v členských štátoch EÚ, s osobitým zreteľom na SR.

Saved in:
Bibliographic Details
Main Author: Lattová, Dorota
Format: Book Chapter
Language:Slovak
Subjects:
Tags: Add Tag
No Tags, Be the first to tag this record!

MARC

LEADER 00000naa a2200000 4500
001 0159971
005 20240502072756.3
041 0 |a slo 
044 |a SK 
245 1 0 |a Aspekty politickej podpory inovácií v sektore služieb EÚ a SR  |c Dorota Lattová 
520 |a Trhové a systémové zlyhania ako bariéry inovácií v sektore služieb. Doterajší vývoj európskej nadnárodnej inovačnej politiky pre sektor služieb. Politika podpory inovačných aktivít v sektore služieb v členských štátoch EÚ, s osobitým zreteľom na SR. 
610 2 0 |a Slovensko 
610 2 0 |a inovácia 
610 2 0 |a stratégia inovačná 
610 2 0 |a Európska únia 
610 2 0 |a služby 
100 1 |a Lattová, Dorota